1983 1772 1806 1499 1525 1319 1732 1555 1051 1992 1061 1541 1755 1082 1622 1675 1597 1222 1904 1382 1789 1171 1277 1847 1570 1568 1634 1345 1968 1469 1018 1192 1591 1018 1135 1923 1101 1444 1821 1707 1129 1022 1383 1152 1796 1940 1766 1428 1547 1852 1848 1607 1869 1328 1342 1081 1309 1235 1472 1042 1009 1081 1115 1132 1957 1345 1759 1753 1003 1317 1114 1817 1503 1116 1439 1243 1141 1223 1834 1920 1340 1593 1217 1726 1426 1566 1441 1965 1434 1919 1239 1321 1485 1638 1901 1108 1822 1339 1047 BCNSPRNW ULIB Ver.6.0+V

เปลี่ยนเป็นภาษาไทย

Change to English
 แสดงรายละเอียดบรรณานุกรม
  กลับหน้าหลัก

Brief Record : Get Marc (ISO 2709) : E-mail record : QR code < ปิดหน้าต่าง
LEADER : 00000nam 2200000uu 4500
001    13399112575
003     ULIB
008    110825s2544||||th 000 0 tha d
020    974879414835
050  4 HQ743^bน571ค 2544
100 0  นิคม วรรณราชู
245 10 ครอบครัว :^bพ่อแม่คือผู้นำ /^cนิคม วรรณราชู
260    กรุงเทพฯ :^bส.เอเซียเพรส,^c2544
300    224 หน้า :^bภาพประกอบสี ;^c22 ซม.
650  4 จิตวิทยาเด็ก
650  4 เด็ก, การเลี้ยง
650  4 พฤติกรรมของเด็ก
650  4 ความสัมพันธ์ในครอบครัว
945    ^p0^l0^i013707
945    ^p0^l0^i013708
945    ^p0^l0^i013709
995    ทศพร
999 ^a ใช้งานได้ทุกระบบ
รายการนี้ยังไม่มีแท็ก
คุณยังไม่ได้ล็อกอิน คุณสามารถมีกิจกรรมร่วมกับเว็บไซต์ได้ แต่ต้องล็อกอินก่อน ::
  ล็อกอิน

รายการสื่อสารสนเทศ

ลำดับที่ ประเภท เลขเรียก/บาร์โค้ด สถานที่ สถานะ
- ไม่พบข้อมูล -

รายการใกล้เคียง
    หัวเรื่อง [จิตวิทยาเด็ก]
    หัวเรื่อง [เด็ก, การเลี้ยง]
    หัวเรื่อง [พฤติกรรมของเด็ก]
    หัวเรื่อง [ความสัมพันธ์ในครอบครัว]

BibComment


ยังไม่เคยถูกคอมเมนท์

คอมเมนท์ทรัพยากรรายการนี้
  คอมเมนท์: ครอบครัว พ่อแม่ค..


 Copyright 2026. Bcnsprnw @Library